<?xml version="1.0" encoding="UTF-8"?><?xml-stylesheet type="text/xsl" href="static/style.xsl"?><OAI-PMH xmlns="http://www.openarchives.org/OAI/2.0/" xmlns:xsi="http://www.w3.org/2001/XMLSchema-instance" xsi:schemaLocation="http://www.openarchives.org/OAI/2.0/ http://www.openarchives.org/OAI/2.0/OAI-PMH.xsd"><responseDate>2026-05-01T05:08:11Z</responseDate><request verb="GetRecord" identifier="oai:uvadoc.uva.es:10324/79484" metadataPrefix="marc">https://uvadoc.uva.es/oai/request</request><GetRecord><record><header><identifier>oai:uvadoc.uva.es:10324/79484</identifier><datestamp>2025-11-07T20:03:03Z</datestamp><setSpec>com_10324_38</setSpec><setSpec>col_10324_852</setSpec></header><metadata><record xmlns="http://www.loc.gov/MARC21/slim" xmlns:doc="http://www.lyncode.com/xoai" xmlns:xsi="http://www.w3.org/2001/XMLSchema-instance" xmlns:dcterms="http://purl.org/dc/terms/" xsi:schemaLocation="http://www.loc.gov/MARC21/slim http://www.loc.gov/standards/marcxml/schema/MARC21slim.xsd">
<leader>00925njm 22002777a 4500</leader>
<datafield tag="042" ind1=" " ind2=" ">
<subfield code="a">dc</subfield>
</datafield>
<datafield tag="720" ind1=" " ind2=" ">
<subfield code="a">García López, Guillermo</subfield>
<subfield code="e">author</subfield>
</datafield>
<datafield tag="260" ind1=" " ind2=" ">
<subfield code="c">2025</subfield>
</datafield>
<datafield tag="520" ind1=" " ind2=" ">
<subfield code="a">Desde el año 1997, en la localidad de Cangas de Onís y a las orillas del Río Sella, se&#xd;
celebra todos los veranos en el Principado de Asturias el festival Aquasella Fest, uno de&#xd;
los más importantes a nivel nacional y con gran notoriedad a nivel internacional. Por&#xd;
tanto, cada año adquiere una presencia relevante en la prensa asturiana.&#xd;
Este trabajo de investigación tratará de analizar la cobertura que los medios de&#xd;
comunicación asturianos realizan al Aquasella Fest y qué imagen proyectan mediante&#xd;
sus artículos. Para ello, se estudiarán las noticias publicadas por los medios asturianos&#xd;
La Nueva España, El Comercio y La Voz de Asturias durante el transcurso del festival&#xd;
en los años posteriores a la pandemia de COVID-19, es decir, desde 1 de enero de 2021&#xd;
y el 31 de diciembre de 2024.</subfield>
</datafield>
<datafield tag="520" ind1=" " ind2=" ">
<subfield code="a">Since 1997, in the town of Cangas de Onís and on the banks of Sella River, the&#xd;
Aquasella Fest is held every summer in Asturias. It is one of the most important&#xd;
festivals nationally and has significant international recognition. Therefore, every year it&#xd;
acquires a relevant presence in the Asturian press.&#xd;
This research aims to analyze the coverage by Asturian media of the Aquasella Fest and&#xd;
how it may influence public opinion. To this end, news published by Asturian&#xd;
newspapers La Nueva España, El Comercio and La Voz de Asturias during the festival&#xd;
in recent years will be studied.</subfield>
</datafield>
<datafield tag="024" ind2=" " ind1="8">
<subfield code="a">https://uvadoc.uva.es/handle/10324/79484</subfield>
</datafield>
<datafield tag="245" ind1="0" ind2="0">
<subfield code="a">Aquasella Fest: influencia de los medios de comunicación en su percepción social</subfield>
</datafield>
</record></metadata></record></GetRecord></OAI-PMH>